Historia de la muy noble y leal ciudad de Ciudad-Rodrigo / (Record no. 160725)

MARC details
000 -LEADER
campo de control de longitud fija 00621nam a2200169 i 4500
001 - NÚMERO DE CONTROL
campo de control 160725
003 - IDENTIFICADOR DE NÚMERO DE CONTROL
campo de control ES-MaACL
005 - FECHA Y HORA DE LA ÚLTIMA TRANSACCIÓN
campo de control 20230906212121.0
008 - DATOS DE LONGITUD FIJA--INFORMACIÓN GENERAL
campo de control de longitud fija 981007s1882 sp |||| | spa d
040 ## - FUENTE DE CATALOGACIÓN
Centro catalogador/agencia de origen CAM
Lengua de catalogación spa
Centro/agencia transcriptor CAM
100 1# - ENTRADA PRINCIPAL--NOMBRE DE PERSONA
Nombre de persona Nogales-Delicado y Rendón, Dionisio de.
9 (RLIN) 130508
245 10 - MENCIÓN DEL TÍTULO
Título Historia de la muy noble y leal ciudad de Ciudad-Rodrigo /
Mención de responsabilidad, etc. por Dionisio de Nogales-Delicado y Rendón.
260 ## - PUBLICACIÓN, DISTRIBUCIÓN, ETC.
Lugar de publicación, distribución, etc. Ciudad-Rodrigo :
Nombre del editor, distribuidor, etc. [s.n.],
Fecha de publicación, distribución, etc. 1882 (
Fabricante Est. Tip. de Ángel Cuadrado y Rosado)
300 ## - DESCRIPCIÓN FÍSICA
Extensión 248 p. ;
Dimensiones 28 cm.
651 #4 - PUNTO DE ACCESO ADICIONAL DE MATERIA--NOMBRE GEOGRÁFICO
Nombre geográfico Ciudad Rodrigo-
Subdivisión general Historia.
9 (RLIN) 163135
852 ## - LOCALIZACIÓN
Ubicación ES-MaACL
Número de control de estantería G-9732
Nota libre - Enc. hol.
Holdings
Estatus retirado Estado de pérdida Estado de daño No para préstamo Colección Biblioteca de origen Biblioteca actual Ubicación en estantería Fecha de adquisición Fuente de adquisición Total de préstamos Signatura topográfica completa Código de barras Visto por última vez Precio de reemplazo Tipo de ítem Koha
        Libros del s. XIX Biblioteca del Ateneo de Madrid Biblioteca del Ateneo de Madrid Sala Pecera Planta 3 17/01/2008     G-9732 1168307 23/02/2023 23/02/2023 Libro impreso antiguo